Η Θεία Λειτουργία ως ψάλλεται εν τη Βαρβακείω Προτύπω Σχολή

Αποθηκεύτηκε σε:
Λεπτομέρειες βιβλιογραφικής εγγραφής
Κύριος συγγραφέας: Μαργαζιώτης, Ιωάννης Δ., 1897-1983
Μορφή: Βιβλίο
Γλώσσα:Greek
Δημοσίευση: Αθήναι : [χ.ό.], 1956.
Θέματα:
Ετικέτες: Προσθήκη ετικέτας
Δεν υπάρχουν, Καταχωρήστε ετικέτα πρώτοι!

MARC

LEADER 00000cam a2200000 i 4500
001 1/87885
008 080605s1956 gr | ||| |||| ||gre||
035 |l 10097979 
040 |a GR-MyUa  |b gre  |e AACR2 
041 0 |a gre 
082 7 |a 782.32219   |2 (22) 
100 1 |a Μαργαζιώτης, Ιωάννης Δ.,   |d 1897-1983. 
245 1 2 |a Η Θεία Λειτουργία ως ψάλλεται εν τη Βαρβακείω Προτύπω Σχολή /   |c Ιωάννου Δ. Μαργαζιώτη. 
260 |a Αθήναι :   |b [χ.ό.],   |c 1956. 
300 |a [22] σ. ;   |c 23 εκ. 
521 |a "Προς χρήσιν των μαθητών της Βαρβακείου Σχολής ως και των λοιπών γυμνασίων και των Παιδαγωγικών Ακαδημιών" 
610 2 0 |a Orthodox Eastern Church  |x Liturgy. 
650 0 |a Hymns, Greek. 
650 0 |a Music  |x Religious aspects. 
650 0 |a Church music  |z Greece. 
852 |a INST  |b RHODES  |c AKA  |e 20080605  |h  782.32219 ΜΑΡ  |p 005400028996  |q 005400028996  |t BK  |y 0 
901 |a BIBL4-2008-2 
970 |a ΚΟΖΑ  |b ΜΑΡΙΑ  |z 2008/06/05